Detalles MARC
| 000 -LEADER |
| fixed length control field |
01909nam a2200457Ii 4500 |
| 001 - CONTROL NUMBER |
| control field |
DIGCSIC2102 |
| 003 - CONTROL NUMBER IDENTIFIER |
| control field |
NyNyDIG |
| 008 - FIXED-LENGTH DATA ELEMENTS--GENERAL INFORMATION |
| fixed length control field |
140701s2008 sp a ob 000 0 spa d |
| 006 - FIXED-LENGTH DATA ELEMENTS--ADDITIONAL MATERIAL CHARACTERISTICS |
| fixed length control field |
m o d |
| 007 - PHYSICAL DESCRIPTION FIXED FIELD--GENERAL INFORMATION |
| fixed length control field |
cr ||||||||||| |
| 020 ## - INTERNATIONAL STANDARD BOOK NUMBER |
| Canceled/invalid ISBN |
9788400086770 |
| 020 ## - INTERNATIONAL STANDARD BOOK NUMBER |
| Canceled/invalid ISBN |
8400086775 |
| 035 ## - SYSTEM CONTROL NUMBER |
| System control number |
(OCoLC)890679438 |
| 043 ## - GEOGRAPHIC AREA CODE |
| Geographic area code |
n------ |
| -- |
s------ |
| -- |
cl----- |
| 040 ## - CATALOGING SOURCE |
| Original cataloging agency |
DGITA |
| Language of cataloging |
eng |
| Description conventions |
rda |
| -- |
pn |
| Transcribing agency |
DGITA |
| 050 14 - LIBRARY OF CONGRESS CALL NUMBER |
| Classification number |
E141 eBook |
| 100 1# - MAIN ENTRY--PERSONAL NAME |
| Personal name |
Acosta, José de, |
| Dates associated with a name |
1540-1600, |
| Relator term |
author. |
| 245 10 - TITLE STATEMENT |
| Title |
Historia natural y moral de las Indias / |
| Statement of responsibility, etc. |
Josef de Acosta ; edición crítica de Fermín del Pino-Díaz. |
| 264 #1 - PRODUCTION, PUBLICATION, DISTRIBUTION, MANUFACTURE, AND COPYRIGHT NOTICE |
| Place of production, publication, distribution, manufacture |
Madrid : |
| Name of producer, publisher, distributor, manufacturer |
Consejo Superior de Investigaciones Científicas, |
| Date of production, publication, distribution, manufacture, or copyright notice |
2008. |
| 300 ## - PHYSICAL DESCRIPTION |
| Extent |
1 online resource (lvi, 330 pages) : |
| Other physical details |
illustrations, some colored, facsimiles. |
| 336 ## - CONTENT TYPE |
| Content type term |
text |
| Content type code |
txt |
| Source |
rdacontent |
| 337 ## - MEDIA TYPE |
| Media type term |
computer |
| Media type code |
c |
| Source |
rdamedia |
| 338 ## - CARRIER TYPE |
| Carrier type term |
online resource |
| Carrier type code |
cr |
| Source |
rdacarrier |
| 490 1# - SERIES STATEMENT |
| Series statement |
De acá y de allá. Fuentes etnográficas ; |
| Volume/sequential designation |
2 |
| 504 ## - BIBLIOGRAPHY, ETC. NOTE |
| Bibliography, etc. note |
Includes bibliographical references. |
| 588 0# - SOURCE OF DESCRIPTION NOTE |
| Source of description note |
Online resource; title from ePub and PDF title page (Digitalia, viewed July 2, 2014) |
| 600 10 - SUBJECT ADDED ENTRY--PERSONAL NAME |
| Personal name |
Acosta, José de, |
| Dates associated with a name |
1540-1600 |
| General subdivision |
Travel |
| Geographic subdivision |
America. |
| 650 #0 - SUBJECT ADDED ENTRY--TOPICAL TERM |
| Topical term or geographic name entry element |
Indians of Mexico. |
| 650 #0 - SUBJECT ADDED ENTRY--TOPICAL TERM |
| Topical term or geographic name entry element |
Indians of South America |
| Geographic subdivision |
Peru. |
| 650 #0 - SUBJECT ADDED ENTRY--TOPICAL TERM |
| Topical term or geographic name entry element |
Natural history |
| Geographic subdivision |
Latin America. |
| 651 #0 - SUBJECT ADDED ENTRY--GEOGRAPHIC NAME |
| Geographic name |
America |
| General subdivision |
Early accounts to 1600. |
| 655 #0 - INDEX TERM--GENRE/FORM |
| Genre/form data or focus term |
Electronic books. |
| 700 1# - ADDED ENTRY--PERSONAL NAME |
| Personal name |
Pino, Fermín del, |
| Relator term |
author. |
| 776 08 - ADDITIONAL PHYSICAL FORM ENTRY |
| Relationship information |
Print version: |
| Main entry heading |
Acosta, José de. |
| Title |
Historia natural y moral de las Indias. |
| Place, publisher, and date of publication |
Madrid : Consejo Superior de Investigaciones Científicas, c2008 |
| International Standard Book Number |
9788400086770 |
| Record control number |
(OCoLC)258767559 |
| 793 0# - |
| -- |
Digitalia eBook Collection: |
| -- |
Editorial CSIC |
| 791 2# - |
| -- |
Digitalia (Firm) |
| -- |
publisher |
| 830 #0 - SERIES ADDED ENTRY--UNIFORM TITLE |
| Uniform title |
De acá y de allá ; |
| Volume/sequential designation |
2. |
| 856 40 - ELECTRONIC LOCATION AND ACCESS |
| Materials specified |
Digitalia Hispánica |
| Uniform Resource Identifier |
<a href="https://www.digitaliapublishing.com/a/23290/">https://www.digitaliapublishing.com/a/23290/</a> |
| 910 ## - USER-OPTION DATA (OCLC) |
| User-option data |
Premium Collection: 2013 |
| 942 ## - ADDED ENTRY ELEMENTS (KOHA) |
| Koha item type |
Recurso Electrónico |